Statistiken für Die Top 20 Länder mit der höchsten Pressefreiheit weltweit

Klicken Sie hier um das Quiz zu spielen!

Allgemein

  • Dieses Quiz wurde 225 mal gespielt
  • Das Durchschnittsergebnis liegt bei 15 aus 20

Antwortstatistiken

PlatzierungLand% Korrekt
13Deutschland
99%
01Norwegen
95%
03Schweden
94%
06Schweiz
93%
02Finnland
92%
18Kanada
92%
16Österreich
92%
05Dänemark
91%
04Niederlande
88%
14Island
87%
09Belgien
85%
17Luxemburg
85%
15Irland
78%
07Neuseeland
77%
12Portugal
70%
11Estland
67%
19Uruguay
22%
10Costa Rica
20%
08Jamaika
17%
20Suriname
8%

Verteilung der Resultate

Perzentil nach korrekt beantworteten Fragen

Anzahl Personen mit jedem Resultat

Ihre Resultats-Entwicklung

Sie haben dieses Quiz noch nicht gespielt